Państwa najbliżej Afroeurazji - Statystyki

Ogólne statystyki
  • Ten quiz został rozwiązany 1 736 razy
  • Średni wynik to 14 z 20
Statystyki odpowiedzi
km Państwo % Poprawnych
44 Stany Zjednoczone
82%
69 Cypr
79%
50 Japonia
78%
244 Malta
78%
29 Indonezja
75%
416 Madagaskar
75%
33 Wielka Brytania
74%
47 Sri Lanka
72%
973 Islandia
71%
412 Irlandia
70%
628 Seszele
70%
4 Tajwan
70%
618 Filipiny
68%
424 Malediwy
68%
572 Republika Zielonego Przylądka
68%
296 Komory
66%
0,5 Singapur
65%
238 Wyspy Świętego Tomasza i Książeca
65%
937 Brunei
56%
1 Bahrajn
51%
Nie znaleziono quizów pasujących do podanych kryteriów
Rozkład punktacji
Procent ludzi z każdym wynikiem
Percentyl według liczby udzielonych odpowiedzi
Twoja historia wyników
Nie rozwiązałeś tego quizu